|
|
|
|
| LEADER |
00000nam a2200000 a 4500 |
| 001 |
vtls001260638 |
| 003 |
SK-MaSNL |
| 005 |
20260301234459.0 |
| 008 |
240314s1987 HU 0 hun |
| 035 |
|
|
|a SNK000211482
|
| 040 |
|
|
|a SNK
|b slo
|c SNK
|e AACR2
|
| 041 |
0 |
|
|a hun
|
| 044 |
|
|
|a HU
|
| 100 |
1 |
|
|a Bel, Matej,
|d 1684-1749
|4 aut
|9 55205
|
| 245 |
1 |
3 |
|a Az újkori Magyarország történelmi-földrajzi ismertetése
|n resz. 1. Dunán Inneni. 3. köt.
|c Matej Bél ; szerk. Tibor Csomor
|
| 260 |
|
|
|a Budapest
|b Fövárosi Szabó Ervin könyvtár
|c 1987
|
| 300 |
|
|
|a 177 s.
|c 4°
|
| 490 |
0 |
|
|a Fejezetek Budapest múltjából
|v 2
|
| 500 |
|
|
|a Na obale uvedené Buda város leírása 1. A kezdetektöl Mohácsig
|
| 500 |
|
|
|a Faksimile vyd. z r. 1737
|
| 700 |
1 |
|
|a Csomor, Tibor
|4 zos
|9 630550
|
| 958 |
|
|
|a RK
|
| 958 |
|
|
|a OND
|
| 999 |
|
|
|c 970211
|d 972141
|
| 952 |
|
|
|t P60, <04>, [BOOK], {604}
|a SNK
|b SNK
|y VYP
|7 0
|p 17A0206207
|o snkSB 39656/1/3[b] D1
|i snkV 1686/88
|0 0
|1 0
|4 0
|d 1996-05-28
|l 0
|r 2005-01-01 00:00:00
|w 2026-02-24
|
| 952 |
|
|
|t P60, <03>, [BOOK], {603}
|a SNK
|b SNK
|y PREZ
|7 0
|p 17A0805493
|o snkSB 39656/1/3[b]
|i snkV 993/88
|0 0
|1 0
|4 0
|d 1996-05-28
|f 1
|l 0
|r 2025-04-24 00:00:00
|w 2026-02-24
|
| 952 |
|
|
|t P60, <04>, [BOOK], {604}
|a SNK
|b SNK
|y VYP
|7 0
|o snkSB 39656/1/3[b] D2
|i snkV 1304/89
|0 0
|1 0
|4 0
|d 1996-05-28
|l 0
|r 2005-01-01 00:00:00
|w 2026-02-24
|
| 952 |
|
|
|t P60, <05>, [BOOK], {605}
|a SNK
|b SNK
|y PREZ
|7 0
|p 17A0206208
|o snkSB 39656/1/3[b]
|0 0
|1 0
|4 0
|d 1999-08-13
|l 0
|r 2005-01-01 00:00:00
|w 2026-02-24
|